| 000 | nam a22 a 4500 | ||
|---|---|---|---|
| 999 |
_c21396 _d21396 |
||
| 003 | BLK | ||
| 005 | 20210201141759.0 | ||
| 008 | 180413b bul|||||r ||||||| ||bul|| | ||
| 010 | _aKNG00023673000 | ||
| 020 | _a954-426-056-0 | ||
| 040 | _aBLK | ||
| 041 |
_aBUL _cBUL |
||
| 080 |
_aИстория в основното училище. Методика на обучението по история _b372.893 _x(075.2) _z372.893(075.2) |
||
| 100 | 1 |
_aАрнаудов, Васко Василев _eпърви автор _9365649 |
|
| 139 |
_aАрнаудов, Васко Василев и др. _bА 87 |
||
| 245 | 1 | 0 |
_aИстория на Стария свят _bЗа VII кл. на СОУ _cВаско Василев Арнаудов; съавт. Цветан Павлов Цветански. |
| 250 | _a2. изд. | ||
| 257 | _aBGR | ||
| 260 |
_bАнубис _c1998 _fСофия : Д. Благоев _aСофия |
||
| 300 |
_a176 с. _bс ил., к. _c29 см |
||
| 380 | _a3 | ||
| 500 | _a1. изд. 1994. - 10 000 тир. | ||
| 650 | 4 |
_aистория _9157727 |
|
| 653 | _aистория | ||
| 700 | 1 |
_aЦветански, Цветан Павлов _eсъавт. _9365650 |
|
| 852 | _aЦб ІІ 9896 | ||
| 856 | 4 |
_qpdf _u |
|
| 856 | 4 |
_qpdf _u |
|
| 942 |
_cKNG _n0 _s1 |
||
| 944 |
_aCR _c15.01.2003 _kЛюдмила_Стоянова |
||
| 944 |
_aED _c15.01.2003 |
||
| 999 | _d21396 | ||